| 000 | 01104cam a22002778a 4500 | ||
|---|---|---|---|
| 005 | 20090827101948.0 | ||
| 008 | 070619s2008 njuab b 001 0 eng | ||
| 010 | _aENG-95396 | ||
| 020 |
_a8185753856 _c780.00 |
||
| 035 | _aEN-78929 | ||
| 037 | _bDBAD/PUB | ||
| 040 | _aDPL | ||
| 245 |
_aForms of knowledge in India _bCritical revaluations _cedited by Suresh Raval, G.M.Mehta and Sitanshu Yashaschandra |
||
| 260 |
_aNew Delhi _bPencraft International _c2009 |
||
| 270 |
_aB-1/41. AsholVihar II _bNew Delhi _e110052 |
||
| 300 |
_a 408 p. : _c22 cm.(Hb) |
||
| 504 | _a index. | ||
| 650 | _a. | ||
| 700 | _aRaval, Suresh | ||
| 700 | _aMehta, G. M. | ||
| 700 | _aYashaschandra, Sitanshu | ||
| 856 | _uhttp://www.loc.gov/catdir/toc/ecip0721/2007025342.html | ||
| 942 |
_2ddc _cEN _mKNO |
||
| 999 |
_c31719 _d31719 |
||